Premier League Winners by Letter Count Quiz Stats

 Plays Quiz not verified by Sporcle

Score 0/11 Timer 05:00
3 Plays Today
No. of Letters Players % Correct
5Tony Adams, Gareth Barry, Laurent Blanc, Steve Bould, Wes Brown, Steve Bruce, Diego Costa...
98%
7Daniel Amartey, Michael Ballack, Fabien Barthez, David Beckham, Mark Bosnich, Alexander Büttner...
95%
6Sergio Agüero, Nicolas Anelka, Mark Atkins, Wayne Bridge, Gary Cahill, Jordi Cruyff, Nigel de Jong...
94.5%
4Alex, Henning Berg, Nicky Butt, Petr Čech, Andy Cole, Ashley Cole, Joe Cole, Deco, Damien Duff, Nathan Dyer...
93.6%
9Jérémie Aliadière, Mario Balotelli, Clayton Blackmore, Jesper Blomqvist, Tom Cleverley, Rio Ferdinand...
83.7%
8Anderson, Juliano Belletti, Dimitar Berbatov, Dennis Bergkamp, Luís Boa Morte, Sol Campbell...
79.8%
10Marc Albrighton, Martin Demichelis, Danny Drinkwater, Eiður Guðjohnsen, Owen Hargreaves...
68.7%
13Ruud van Nistelrooy
59.9%
11César Azpilicueta, Fernandinho & Andrei Kanchelskis
39%
3Edu & David May
35.7%
14Giovanni van Bronckhorst & Shaun Wright-Phillips
26.3%

You're not logged in!

Compare scores with friends on all Sporcle quizzes.
OR
Log In

Show Comments

Extras

Top Quizzes Today


Score Distribution

Your Account Isn't Verified!

In order to create a playlist on Sporcle, you need to verify the email address you used during registration. Go to your Sporcle Settings to finish the process.

Report this User

Report this user for behavior that violates our Community Guidelines.

Details: